|
|
|
|
| LEADER |
00000nam0a2200000 4500 |
| 001 |
349847 |
| 005 |
20231102010237.0 |
| 010 |
|
|
|a 5885903549
|
| 035 |
|
|
|a (RuTPU)RU\TPU\retro\2824
|
| 090 |
|
|
|a 349847
|
| 100 |
|
|
|a 20180910d1995 m y0rusy50 ca
|
| 101 |
0 |
|
|a rus
|
| 102 |
|
|
|a RU
|
| 105 |
|
|
|a y z 001zy
|
| 200 |
1 |
|
|a Ваши любимые песни
|f сост. Г. В. Павленко
|
| 210 |
|
|
|a Смоленск
|c Русич
|d 1995
|
| 215 |
|
|
|a 544 с.
|
| 225 |
1 |
|
|a Азбука быта
|
| 320 |
|
|
|a Литература: с. 527
|
| 330 |
|
|
|a В сборник вошли наиболее известные и любимые всеми русские народные песни, романсы, популярные военные и современные лирические песни, в том числе — из теле- и кинофильмов. Песенник рассчитан на широкий круг любителей народных и эстрадных произведений.
|
| 606 |
1 |
|
|a Вокальная музыка
|2 stltpush
|3 (RuTPU)RU\TPU\subj\3505
|9 31908
|
| 610 |
1 |
|
|a песни
|
| 610 |
1 |
|
|a стихи
|
| 610 |
1 |
|
|a народное творчество
|
| 610 |
1 |
|
|a лирика
|
| 675 |
|
|
|a 784
|v 4
|
| 702 |
|
1 |
|a Павленко
|b Г. В.
|4 220
|
| 801 |
|
1 |
|a RU
|b 63413507
|c 20180910
|
| 801 |
|
2 |
|a RU
|b 63413507
|c 20181003
|g RCR
|
| 942 |
|
|
|c BK
|